000 00265nam a2200109Ia 4500
008 190914s9999||||xx |||||||||||||| ||und||
100 _aMoulana Muhammad Hanif
245 0 _aMisali Ustad
260 _aKarachi
_bBait-ul-alam Trust
_c2004
300 _a675
942 _cBK
999 _c9433
_d9433